[Event "DSOL 02 Liga Gr-C 1st"]
[Site "Playchess.com INT"]
[Date "2020.07.15"]
[Round "4.2"]
[White "Spindel, Ulrich"]
[Black "Schmid, Anton"]
[Result "1-0"]
[WhiteElo "2013"]
[BlackElo "1947"]
[PlyCount "41"]
[EventDate "2020.06.22"]
[EventType "team-tourn (rapid)"]
[EventCountry "GER"]
[SourceTitle "EXT 2021"]
[Source "ChessBase"]
[SourceDate "2020.10.23"]
[SourceVersion "1"]
[SourceVersionDate "2020.10.23"]
[SourceQuality "1"]
[WhiteTeam "Grosshansdorf"]
[BlackTeam "Gottingen Rot-Weiss"]
[WhiteTeamCountry "GER"]
[BlackTeamCountry "GER"]

1. d4 Nf6 2. c4 e6 3. Nc3 Bb4 4. e3 0-0 5. Bd3 d5 6. Nge2 c5 7. cxd5 cxd4 8. exd4 Nxd5 9. 0-0 Nc6 10. a3 Nxc3 11. bxc3 Be7 12. Ng3 b6 13. Qe2 Bb7 14. Bb2 Rc8 15. f4 g6 16. f5 exf5 17. Nxf5 gxf5 18. Bxf5 f6 19. Qg4+ Kh8 20. Qh5 Rf7 21. Bxc8 1-0